| 000 | 00682nam a2200217 u 4500 | ||
|---|---|---|---|
| 005 | 20210223131915.0 | ||
| 008 | 121025s2006 br r 000 0 spa d | ||
| 020 | _a8506046556 | ||
| 035 | _aUPN01000188045 | ||
| 049 | _aI | ||
| 050 | 4 |
_aPZ83 _bR6.7 |
|
| 100 | 1 |
_aRocha, Ruth, _d1931- _933274 |
|
| 245 | 1 | 3 |
_aUn rinconcito sólo para mí / _cRuth Rocha ; tr. Lourdes Fuentes ; il. Ziraldo. |
| 260 |
_aSao Paulo, Bra. : _bMelhoramentos, _c2006. |
||
| 300 |
_a37 p. : _bprincipalmente il. col. |
||
| 534 |
_pTítulo original: _tUm cantinho só para mim |
||
| 650 | 4 |
_aCUENTOS INFANTILES BRASILEÑOS _912222 |
|
| 700 | 1 |
_aZiraldo, _eil. |
|
| 905 | _aInfantil | ||
| 999 |
_c160148 _d160148 |
||